Letter from William C. Kibbe, Quartermaster and adjutant General of State of California, enclosing a copy of the resolution of the Legislature of California, relative to the procurement of arms and munitions of war from the general government for the defence of that state.

Bibliographic Details
Corporate Author: ProQuest (Firm)
Format: eBook
Language:English
Published: Washington : [publisher not identified], 1856.
Series:United States congressional serial set.
Subjects:
Online Access:Connect to the full text of this electronic book

MARC

Tag First Indicator Second Indicator Subfields
LEADER 00000cam a22000001a 4500
001 in00002918721
005 20190331192225.0
006 m o d
007 cr un mmmapmmp
008 080721s1856 dcu o f000 0 eng d
035 |a cis2004286428 
040 |a UMI  |c UMI  |d UtOrBLW 
043 |a n-us--- 
099 |a ProQuest Serial Set Number 835 S.misdoc.67 
245 0 0 |a Letter from William C. Kibbe, Quartermaster and adjutant General of State of California, enclosing a copy of the resolution of the Legislature of California, relative to the procurement of arms and munitions of war from the general government for the defence of that state. 
246 1 |a Resolution of legislature of California on procuring arms and ammunition from United States 
264 1 |a Washington :  |b [publisher not identified],  |c 1856. 
300 |a 1 online resource. 
336 |a text  |b txt  |2 rdacontent 
337 |a computer  |b c  |2 rdamedia 
338 |a online resource  |b cr  |2 rdacarrier 
490 0 |a S.misdoc.67 
500 |a Record is based on bibliographic data in ProQuest U.S. Serial Set Digital Collection (last viewed July 2008). Reuse except for individual research requires license from ProQuest, LLC. 
510 3 |a ProQuest U.S. Serial Set Digital Collection 
500 |a Electronic resource. 
610 1 0 |a California.  |b Legislature. 
650 0 |a Ammunition. 
650 0 |a Defense contracts. 
655 7 |a Electronic books.  |2 local 
710 2 |a ProQuest (Firm) 
830 0 |a United States congressional serial set. 
856 4 0 |u http://proxy.library.tamu.edu/login?url=http://congressional.proquest.com/congcomp/getdoc?SERIAL-SET-ID=835+S.misdoc.67  |z Connect to the full text of this electronic book  |t 0 
999 |a MARS 
999 f f |s fad522f3-b997-3ff1-8f92-3121bef58f35  |i dabaa513-766d-3157-acbd-1d0ddc7d498f  |t 0 
952 f f |a Texas A&M University  |b College Station  |c Electronic Resources  |d Available Online  |t 0  |e ProQuest Serial Set Number 835 S.misdoc.67  |h Other scheme 
998 f f |a ProQuest Serial Set Number 835 S.misdoc.67  |t 0  |l Available Online